000 00612 a2200181 4500
999 _c183210
_d183210
005 20220218164933.0
010 _aENG-130436
020 _a978-93-91370-70-1
_c495.00
035 _aEN-113968
037 _bDBAD/PUB
082 _a658.575201
_b1
100 _aLal, Devyani M.
245 _aDesign Thinking:
_bBeyond to Sticky notes/
_cDevyani M. Lal
260 _aNew Delhi
_bSage Publications India Pvt Ltd.
_c2021
270 _aB-I/I-I, Mohan Cooperative Industrial Area, Mathura Road
_bNew Delhi
_e110044
300 _axi, 250p.
_c22cm (pbk)
_bIndex
942 _adpl
_cEN
_2ddc
_h658.575201
_mLAL